000 01106nam0a22002411 4500
001 rc\1113792
005 20041126174302.3
035 _a(NLR Aleph) 006357707
090 _a4868793
_c4868793
100 _a20041126d1982 u |0rusy50 ca
101 0 _arus
102 _aRU
105 _ay |||||||||
200 1 _aВоспитывать патриотов
_eМетод. рекомендации и библиогр. материалы в помощь б-кам и орг. о-ва любителей кн. по патриот. воспитанию подростков
_fГос. б-ка БССР им. В.И. Ленина, Добр. о-во любителей кн. БССР
_g[Сост. Г.К. Кулага]
210 _aМинск
_cГБ БССР
_d1982
215 _a37 с.
_d20
702 1 _aКулага
_bГ. К.
_gГалина Константиновна
_4220
712 0 2 _aГосударственная б-ка БССР им. В.И.Ленина
_cМинск
_3RU\NLR\AUTH\889950023
801 0 _aRU
_bNLR
_gpsbo
801 1 _aRU
_bELAR
_2rusmarc
852 _aNLR
_bБ
_j8230/К-90
942 _cBOOK
980 _aNB